• 首页
  • 本馆介绍
  • 公告通知
  • 最新文献
  • 馆藏检索
  • 电子资源
  • 读者导购
  • 参考咨询
  • 我的图书馆
  • 登录
  • 详细信息显示
  • 放入我的书架
  • 预约/预借图书
  • 作者相关作品
  • 分类相关作品
  • 丛书相关作品
  • 出版社相关作品

书目信息

  • 表格格式
  • 工作单格式
  • 卡片格式
题名:
与图书馆交朋友
    
 
作者: 孙刚 主编
分册:  
出版信息: 上海   上海教育出版社  2017
页数: 181页
开本: 27cm
丛书名:
单 册:
中图分类: G258.69-62
科图分类:
主题词: 中小学--学校图书馆--图书馆工作--手册
电子资源:
ISBN: 978-7-5444-7428-3
000 00767nam0 2200217 450
001 5942
005 20180530085934.20
010    @a978-7-5444-7428-3@dCNY78.00
100    @a20170802d2017 cemy0chiy50 ea
101 0  @achi
102    @aCN@b310000
105    @aa z 000yy
200 1  @a与图书馆交朋友@9yu tu shu guan jiao peng you@e中小学生图书馆信息素养活动手册@f孙刚主编
210    @a上海@c上海教育出版社@d2017
215    @a181页@c照片,图@d27cm
330    @a本书据内容的深浅分为“基础篇”和“提高篇”。两篇均分为图书馆利用、文献利用、报纸期刊利用、数字资源利用和学会阅读五个部分。
606 0  @a中小学@x学校图书馆@x图书馆工作@j手册
690    @aG258.69-62@v5
701  0 @a孙刚@9sun gang@4主编
801  0 @aCN@b91MARC@c20170802
905    @aMuseLib@dG258.69-62@e43
    
    与图书馆交朋友:中小学生图书馆信息素养活动手册/孙刚主编.-上海:上海教育出版社,2017
    181页:照片,图;27cm
    
    
    ISBN 978-7-5444-7428-3:CNY78.00
    本书据内容的深浅分为“基础篇”和“提高篇”。两篇均分为图书馆利用、文献利用、报纸期刊利用、数字资源利用和学会阅读五个部分。
●
相关链接 在E读中查询图书 在五车中查询图书 在当当中查询图书 在豆瓣中查询图书


正题名:与图书馆交朋友     索取号:G258.69-62/43         预约/预借

序号 登录号 条形码 馆藏地/架位号 状态 备注
1 1115566   211155667   第一样本阅览室/ [索取号:G258.69-62/43] 在馆    
2 1115567   211155676   教育系资料室/ [索取号:G258.69-62/43] 在馆    
3 1115568   211155685   第四借阅区/ [索取号:G258.69-62/43] 在馆    
唐山师范学院图书馆 欢迎您!
大连网信软件有限公司© 版权所有